| 000 | 00595nam a2200205 a 4500 | ||
|---|---|---|---|
| 005 | 20140310183512.0 | ||
| 008 | 101014s19uu xx 00 eng d | ||
| 020 | _a9789715847728 | ||
| 050 |
_aRB 113 _b.M734 2008 |
||
| 100 | _aMadara, Bernadette | ||
| 245 |
_aQuick look nursing : _bpathophysiology. / _cBernadette Madara. |
||
| 250 | _a2nd ed. | ||
| 260 |
_aSudbury, MA : _bJones and Bartlett Publishers, _c2008. |
||
| 300 |
_a612 p. : _bill. ; _c25 cm. |
||
| 521 | _aNUR | ||
| 650 | _aPathophysiology. | ||
| 700 | _aDenino-Pomarico, Vanessa | ||
| 942 |
_cBK _2lcc _kFOR |
||
| 999 |
_c24216 _d24216 |
||